A gáztartályok mellett új üzemházak épülnek

Elmentve itt :
Bibliográfiai részletek
Dokumentumtípus: Cikk
Megjelent: 1963-10-16
Sorozat:Délmagyarország 53 No. 242
Kulcsszavak:Gázszolgáltatás Szeged 1963, Kazánház építése, energia-szolgáltatás
Online Access:http://dmarchiv.bibl.u-szeged.hu/65006
LEADER 00483nab a2200145 i 4500
001 delm65006
005 20180927151339.0
008 180927s1963 hu o 0|| hun d
040 |a SZTE Délmagyarország Archívum  |b hun 
041 |a hun 
245 0 2 |a A gáztartályok mellett új üzemházak épülnek  |h [elektronikus dokumentum] 
260 |c 1963-10-16 
300 |a 1 
490 0 |a Délmagyarország  |v 53 No. 242 
695 |a Gázszolgáltatás Szeged 1963, Kazánház építése, energia-szolgáltatás